Understanding Management (Record no. 2964)

MARC details
005 - DATE AND TIME OF LATEST TRANSACTION
control field 20250602085357.0
020 ## - INTERNATIONAL STANDARD BOOK NUMBER
International Standard Book Number 0-03-033827-1
082 ## - DEWEY DECIMAL CLASSIFICATION NUMBER
Classification number LECT 658 DAF
100 ## - MAIN ENTRY--PERSONAL NAME
Author name DAFT, R. L.
245 ## - TITLE STATEMENT
Title Understanding Management
250 ## - EDITION STATEMENT
Edition statement 3rd Ed.
260 ## - PUBLICATION, DISTRIBUTION, ETC.
Place of publication, distribution, etc. New York,
Name of publisher, distributor, etc. Harcourt College Publishers,
Date of publication, distribution, etc. 2001.
300 ## - PHYSICAL DESCRIPTION
Extent xxviii, 606p.: ill.; chart, picture, table
Other physical details Glossary, Index & Reference
Dimensions 26cm.
700 ## - ADDED ENTRY--PERSONAL NAME
Other authors/Editors MARCIC, D.
856 ## - ELECTRONIC LOCATION AND ACCESS
Link text Access Online Book
Electronic name Understanding Management
Path http://www.harcourtcollege.com
942 ## - ADDED ENTRY ELEMENTS (KOHA)
Source of classification or shelving scheme Dewey Decimal Classification
Koha item type Books
Holdings
Date last seen Total checkouts Full call number Barcode Cost, replacement price Price effective from Koha item type Lost status Source of classification or shelving scheme Damaged status Not for loan Withdrawn status Home library Current library Shelving location Date acquired Cost, normal purchase price
06/02/2025   LECT 658 DAF 00000010459 126000.00 06/02/2025 Books   Dewey Decimal Classification       College of Business Education Main Library College of Business Education Main Library General Collection 06/02/2025 42000.00